| 000 | 00379nam a22001457a 4500 | ||
|---|---|---|---|
| 008 | 210528b ||||| |||| 00| 0 eng d | ||
| 020 | _a9789951716437 | ||
| 041 | _aalb | ||
| 080 | _a7 | ||
| 082 | _a7 | ||
| 100 | _a41 | ||
| 101 | _aARK | ||
| 245 |
_aArkitektura e Ndërtesave Publike në Prishtinë: 1945-1990 Faktorët shoqëror dhe formësues _cSadiki,A |
||
| 942 |
_2udc _cBK |
||
| 999 |
_c57785 _d57785 |
||